Statistics for Zodiac Signs in Alphabetical Order

Click here to take the quiz!

General Stats

  • This quiz has been taken 633 times
  • The average score is 8 of 12

Answer Stats

Sign% Correct
Aquarius
97%
Aries
93%
Cancer
87%
Capricorn
81%
Gemini
78%
Leo
72%
Libra
68%
Pisces
55%
Sagittarius
55%
Scorpio
53%
Virgo
51%
Taurus
48%

Score Distribution

Percentile by Number Answered

Percent of People with Each Score

Your Score History

You have not taken this quiz